[Event "Barcelona Sant Marti op 04th"]
[Site "Barcelona"]
[Date "2002.05.11"]
[Round "6.26"]
[White "Quintana Ortiz, Joaquin"]
[Black "Araguas Bestue, Javier"]
[Result "1/2-1/2"]
[WhiteElo "1920"]
[BlackElo "1835"]
[PlyCount "48"]
[EventDate "2002.04.06"]
[EventType "swiss"]
[EventRounds "9"]
[EventCountry "ESP"]
[SourceTitle "EXT 2003"]
[Source "ChessBase"]
[SourceDate "2002.11.25"]
[SourceVersion "1"]
[SourceVersionDate "2002.11.25"]
[SourceQuality "1"]

1. d4 d5 2. c4 e6 3. Nc3 Nf6 4. Nf3 c5 5. Bf4 Nc6 6. e3 Be7 7. h3 0-0 8. Bd3 dxc4 9. Bxc4 a6 10. 0-0 b5 11. Bd3 cxd4 12. Nxd4 Nxd4 13. exd4 Bb7 14. a3 Nd5 15. Bd2 Bf6 16. Qg4 Nxc3 17. Bxc3 Qd5 18. f3 Qg5 19. Qxg5 Bxg5 20. Rfe1 Rfd8 21. Be4 Bd5 22. Ba5 Rd7 23. Bb4 Rc8 24. Bc5 Bb3 1/2-1/2